Logo BPK

Biblioteka

Politechniki Koszalińskiej

American government : (Rekord nr 47602)

Szczegóły MARC
000 -ETYKIETA REKORDU
podpole kontrolne o stałej długości 00700nam a2200229 i 4500
001 - NUMER KONTROLNY REKORDU
pole kontrolne bgj
020 ## - MIĘDZYNARODOWY ZNORMALIZOWANY NUMER KSIĄŻKI - ISBN
ISBN 002305350X
040 ## - ŹRÓDŁO KATALOGOWANIA
Instytucja, która utworzyła rekord BPK
041 0# - KOD JĘZYKA
Kod języka tekstu eng
920 ## - Międzynarodowy znormalizowany numer książki – ISBN
ISBN 0-02-305350-X
008 - POLE O STAŁEJ DŁUGOŚCI - DANE KONTROLNE
podpole kontrolne o stałej długości s uk f |000 0 eng
100 1# - NAZWA OSOBOWA
Nazwa osobowa VIETRI, Lois T.
245 10 - TYTUŁ/ODPOWIEDZIALNOŚĆ
Tytuł American government :
Ciąg dalszy tytułu study guide /
Pozostałe elementy strefy tytułu i oznaczenia odpowiedzialności prepared by Lois T. Vietri ; Ross K. Baker, Gerald M. Pomper, Wilson C. McWilliams.
250 ## - STREFA WYDANIA
Oznaczenie wydania 2nd ed.
260 ## - STREFA ADRESU WYDAWNICZEGO
Miejsce wydania New York :
Nazwa wydawcy/dystrybutora Macmillan Publishing Company,
Data publikacji, dystrybucji/powstania dokumentu cop. 1987.
300 ## - STREFA OPISU FIZYCZNEGO
Objętość III, 219 pp ;
Rozmiary 28 cm.
651 #9 - HASŁO PRZEDMIOTOWE W FORMIE NAZWY GEOGRAFICZNEJ
Nazwa geograficzna United States
Określnik ogólny Politics and Government
700 1# - HASŁO DODATKOWE - NAZWA OSOBOWA
Nazwa osobowa BAKER, Ross K.
700 1# - HASŁO DODATKOWE - NAZWA OSOBOWA
Nazwa osobowa POMPER, Gerald M.
700 1# - HASŁO DODATKOWE - NAZWA OSOBOWA
Nazwa osobowa MCWILLIAMS, Wilson C.
856 ## - LOKALIZACJA I DOSTĘP DO ELEKTRONICZNYCH DOKUMENTÓW ZDALNYCH
Link (URL) http://koha.tu.koszalin.pl/cgi-bin/koha/opac-detail.pl?biblionumber=47602
Tekst linku Katalog online BPK
942 ## - DODATKOWE ELEMENTY (KOHA)
Typ dokumentu Książka
Egzemplarze
Wycofany Status egzemplarza Uszkodzony Dostępność Lokalizacja stała Lokalizacja bieżąca Miejsce przechowywania Sygnatura Kod kreskowy Typ dokumentu
      Dostępny Biblioteka Politechniki Koszalińskiej Biblioteka Politechniki Koszalińskiej Wypożyczalnia Językowa KA 4009 09011762 Książka
© 2023 Biblioteka Politechniki Koszalińskiej :: KOHA